| 000 | 00744cam a2200253 a 4500 | ||
|---|---|---|---|
| 001 | 4510083 | ||
| 005 | 20180208044928.0 | ||
| 008 | 980923s1999 caua 001 0 eng d | ||
| 010 | _a 98075153 | ||
| 020 | _a0764570080 | ||
| 035 | _a(OCoLC)40659284 | ||
| 040 |
_aN$V _cN$V _dDLC |
||
| 041 | _aeng | ||
| 042 | _alccopycat | ||
| 080 | _a005.4469 ANN | ||
| 082 | 0 | 0 |
_a005.4469 ANN _221 |
| 100 | 1 | _a30 | |
| 101 | _aSHK | ||
| 245 | 1 | 0 |
_aLinux system administration / _cAnne H. Carasik. |
| 906 |
_a7 _bcbc _ccopycat _d2 _eopcn _f19 _gy-gencatlg |
||
| 942 |
_2ddc _cBK |
||
| 999 |
_c42120 _d42120 |
||